| 000 | 02234cam a2200241 i 4500 | ||
|---|---|---|---|
| 999 |
_c39615 _d39615 |
||
| 020 | _a9789354894039 | ||
| 020 | _a9354894038 | ||
| 041 | 1 |
_aeng _aguj |
|
| 082 | 0 | 4 |
_a294.4 _bMAH-S |
| 100 | 1 |
_aMahetā, Rāyacandabhāī Ravajībhāī, _eauthor. |
|
| 245 | 1 | 0 |
_aShrimad Rajchandraji's Atmasiddhi shastra : _bsix spiritual truths of the soul / _cconcise & complete commentary by Pujya Gurudevshri Rakeshji. |
| 246 | 3 | 0 | _aAtmasiddhi shastra |
| 260 |
_aNoida : _bHarperCollins Publishers, _c2021. |
||
| 300 |
_axlvii, 518p. _bcolor illustrations ; |
||
| 520 | _aThis profound spiritual poetic composition is renowned by its glorious name 'Atmasiddhi Shastra'. 'Atma' means soul and 'Siddhi' means establishment or accomplishment. In this composition, Shrimadji has established the truth of the soul by describing the six fundamentals through pure strength of logic and reasoning. Upon contemplating and internalising it, the true seeker is certain to attain self-realisation. Hence the word, 'Atmasiddhi'. In the past hundreds of years, several texts with the word 'siddhi' have been written, in Jain and non-Jain traditions, to establish their viewpoints and opinions. Sarvarthsiddhi, Anekantsiddhi, Siddhivinishchay, Sarvajnasiddhi, etc., have been written in the Jain tradition, whereas Brahmasiddhi, Advaitsiddhi, etc., are well-known Vedant texts. This composition has been given the status of a shastra -scripture. In Sanskrit, the word 'shastra' is derived as Shasanat Shastram - that which disciplines is called a shastra. It either inspires one to engage in a pursuit or it directs one to refrain from doing something. This supremely beneficial composition provides guidance, inspiration and impetus for spiritual progress. It propounds and encourages one to tread the sacred path of liberation. Hence, it is rightly called shastra. Thus, the title 'Atmasiddhi Shastra' is perfectly apt. | ||
| 546 | _aIn English and Gujarati | ||
| 650 | 0 |
_aSelf-realization _xReligious aspects _xJainism. |
|
| 650 | 0 |
_aJainism _xDoctrines. |
|
| 650 | 7 |
_aJainism _xDoctrines. |
|
| 650 | 7 |
_aSelf-realization _xReligious aspects _xJainism. |
|
| 700 | 1 |
_aJhaverī, Rākeśabhāī, _ewriter of added commentary, _etranslator. |
|
| 942 |
_2ddc _cBK |
||